书目信息 |
| 题名: |
照片的“罗生门”
|
|
| 作者: | 邢千里 著 | |
| 分册: | ||
| 出版信息: | 杭州 浙江摄影出版社 2022.03 |
|
| 页数: | 282页 | |
| 开本: | 21cm | |
| 丛书名: | 中国当代摄影视野丛书 | |
| 单 册: | ||
| 中图分类: | J405.2 | |
| 科图分类: | ||
| 主题词: | 摄影评论--she ying ping lun--中国--现代 | |
| 电子资源: | ||
| ISBN: | 978-7-5514-3711-0 | |
| 000 | 01102oam2 2200265 450 | |
| 001 | 011025153907 | |
| 005 | 20221025153907.0 | |
| 010 | @a978-7-5514-3711-0@dCNY99.00 | |
| 100 | @a20201004d2022 em y0chiy0120 ea | |
| 101 | 0 | @achi |
| 102 | @aCN@b330000 | |
| 105 | @aa z 000yy | |
| 106 | @ar | |
| 200 | 1 | @a照片的“罗生门”@Azhao pian de luo sheng men@dThe rashomon of photos@e中国当代摄影的批评视野@f邢千里著@zeng |
| 210 | @a杭州@c浙江摄影出版社@d2022.03 | |
| 215 | @a282页@d21cm | |
| 225 | 2 | @a中国当代摄影视野丛书@Azhong guo dang dai she ying shi ye cong shu |
| 300 | @a杭州市文联文艺精品工程师扶持项目(2019)“符号的力量与困境”成果 | |
| 330 | @a本书从对摄影的追本溯源开始,讨论了摄影的信仰基础与观看视角、纪实与现实、当代摄影的文化策略、当代摄影的观念游戏、当代摄影的静观与反思、历史视角与当代野心、权力与话语、当代摄影生态批评等议题。 | |
| 410 | 0 | @12001 @a中国当代摄影视野丛书 |
| 510 | 1 | @aRashomon of photos@zeng |
| 606 | 0 | @a摄影评论@Ashe ying ping lun@y中国@z现代 |
| 690 | @aJ405.2@v5 | |
| 701 | 0 | @a邢千里@Axing qian li@c(艺术)@4著 |
| 905 | @a河南城建学院图书馆@dJ405.2@eX612 | |
| 照片的“罗生门”=The rashomon of photos:中国当代摄影的批评视野/邢千里著.-杭州:浙江摄影出版社,2022.03 |
| 282页;21cm.-(中国当代摄影视野丛书) |
| 杭州市文联文艺精品工程师扶持项目(2019)“符号的力量与困境”成果 |
| ISBN 978-7-5514-3711-0:CNY99.00 |
| 本书从对摄影的追本溯源开始,讨论了摄影的信仰基础与观看视角、纪实与现实、当代摄影的文化策略、当代摄影的观念游戏、当代摄影的静观与反思、历史视角与当代野心、权力与话语、当代摄影生态批评等议题。 |
| ● |
| 相关链接 |
|
|
|
正题名:照片的"罗生门"
索取号:J405.2/X612
 
预约/预借
| 序号 | 登录号 | 条形码 | 馆藏地/架位号 | 状态 | 备注 |
| 1 | 1590006 | 215900069 | 社科库309/309社科库 82排2列5层/ [索取号:J405.2/X612] | 在馆 |